00788nam a2200253Ia 450000500170000000800410001702000230005804000190008104100120010008200140011210000180012624500560014425000120020026000410021230000150025350400500026863000280031865000210034665100180036785000100038594200070039599900170040295201150041920231128094827.0131103s9999 xx 000 0 und d a8120713990cRs.300 aLoreto College aEnglish a396 bKAU aKaur,Manmohan aWomen in India's Freedom Strugglec Manmohan Kaur a3rd ed. aNew DelhibSterling Publishersc1992 aix,302 p.  aIncludes bibliographical references and index aIndian Women's Movement aWomen's Movement aWomen Studies aLCLIB cBK c11355d61834 00102ddc4070aMAINbMAINd2013-11-04l2o396 KAU 40585pB11251r2019-04-10s2019-04-10w2013-11-04yBKf